Alphabet Booby Trap Bonanza Quiz Stats

 Plays Quiz Updated Aug 14, 2014

Support Sporcle.
Go Orange.
Score 0/26 Timer 06:00
0 Plays Today
% Correct
???
50.2%
???
49.2%
???
47.6%
???
45.9%
???
44.8%
???
38.5%
???
36.7%
???
36.4%
???
36.4%
???
35.3%
???
33%
???
29.9%
???
29.7%
% Correct
???
29.2%
???
27.3%
???
27%
???
26.6%
???
23.1%
???
22.7%
???
22%
???
20.4%
???
20.1%
???
18.3%
???
18%
???
14.3%
???
12.6%

You're not logged in!

Compare scores with friends on all Sporcle quizzes.
OR
Log In
Forgot?

From the Vault

Typing Challenge: 100 Easter Words

by beforever

Holiday 3m
You'll have to type as fast as a rabbit.
Remove Ads.
Support Sporcle.
Get the best of Sporcle when you Go Orange. This ad-free experience offers more features, more stats, and more fun while also helping to support Sporcle. Thank you for becoming a member.

Show Comments

Extras

Top Quizzes Today


Score Distribution

Your Account Isn't Verified!

In order to create a playlist on Sporcle, you need to verify the email address you used during registration. Go to your Sporcle Settings to finish the process.

Report this User

Report this user for behavior that violates our Community Guidelines.

Details: